Регионална библиотека "Любен Каравелов" - Русе

[Борленд Паскал Уиндоус] Borland Pascal за Windows (Запис номер 12647)

MARC детайли
000 -Лидер
Контролно поле с фиксирана дължина 01615nam a2200337 c 4500
003 - Код на организацията, давaща контролен номер
Контролно поле BLK
005 - Дата и час на последна редакция
Контролно поле 20180420214756.0
008 - Елементи от данни с фиксирана дължина
fixed length control field 180412b bul|||||r ||||||| ||bul||
010 ## - Наследен системен номер
LC control number KNG00014257000
020 ## - Международен стандартен номер на книга ISBN
Международен стандартен номер на книга ISBN 954-7273-07-2
-- издат.: Xpress
040 ## - Източник на каталожния запис
Идентификатор на билиотеката - собственик на записа BLK
041 ## - Код за език
Код за езика на текст/звукозапис или на отделно заглавие Български
Код за езика КДБФ Български
080 ## - УДК
Текстов определител УДК Езици за програмиране
УДК код - определител по УДК 519.682
УДК определител (035)
УДК - код + определител 519.682(035)
080 ## - УДК
Текстов определител УДК Автоматични цифрови електронноизчислителни машини. Миникомпютри. Микрокомпютри
УДК код - определител по УДК 681.322
УДК определител .06(035)
УДК - код + определител 681.322.06(035)
139 ## - Редно поле
Редна дума [Борленд Паскал Уиндоус] Borland Pascal за Windows
Авторски знак Борл - Б 66
245 10 - Сведения за заглавието
Заглавие [Борленд Паскал Уиндоус] Borland Pascal за Windows
Подзаглавни данни Ръководство за програмиста под Windows
257 ## - Страна на издаване
Страна на създаване/издаване Съединени американски щати
260 ## - Област на издателските данни
-- София
Име на издателя, разпространителя и проч. Xpress
Година на издаване 1996
Печатница В. Търново : Абагар
300 ## - Физическа характеристика
Страници 383 с.
Илюстрации и др. със сх.
Размери/Мащаб 24 см
380 ## - Жанр
Жанр Естествени науки. Математика
500 ## - Общи забележки
Забележка Ориг. загл. Borland Pascal за Windows. - 1 000 тир.
650 #4 - Допълнително описание по предмет – тема
Основно описание – тема или топоним Паскал - програмиране - наръчници и ръководства
9 (RLIN) 245042
650 #4 - Допълнително описание по предмет – тема
Основно описание – тема или топоним Езици за програмиране - наръчници и ръководства
9 (RLIN) 241821
650 #4 - Допълнително описание по предмет – тема
Основно описание – тема или топоним Изчислителни машини, електронни - програмиране - наръчници и ръководства
9 (RLIN) 241820
653 ## - Ключова дума – ненормативна
Ключова дума Уиндоус
852 ## - Местоположение
Форматна сигнатура Цб 189180
856 4# - Електронен адрес и достъп
Електронен формат pdf - файл
Път до файла /url/
856 4# - Електронен адрес и достъп
Електронен формат pdf - файл
Път до файла /url/
942 ## - АРТИКУЛИ
Вид на библиотечния материал Книги
Скрит в OPAC Не
944 ## - СЪЗДАВАНЕ И РЕДАКЦИЯ на ЗАПИСА
Създаване/Редакция Създаване
Дата на регистрацията/редакция 15.01.2003
Служител, извършил регистрацията/редакцията Кети_Илиева
944 ## - СЪЗДАВАНЕ И РЕДАКЦИЯ на ЗАПИСА
Създаване/Редакция Редакция
Дата на регистрацията/редакция 21.03.2014
Служител, извършил регистрацията/редакцията
999 ## - СИСТЕМНИ КОНТРОЛНИ НОМЕРА
Koha biblionumber 12647
Koha biblioitemnumber 12647
Наличности
Код за отписване Код за изгубен артикул Източник на класификационната схема Код за повреда Коз за рестрикции Код за отдаване Артикулен № Име на библиотеката - собственик Име на библиотеката, в която се намира в момента Статус (Текущо местоположение) Дата на вписване в системата Местоположение - отдел Цена в лева Инвентарен номер Систематично азбучна сигнатура Баркод Номер на екземпляра Цена в евро Служебна бележка Служебен тип на артикула
Изтеглен Не е изгубен Universal Decimal Classification Не е повреден без рестрикции ползва се в читалня 21838 Регионална библиотека "Любен Каравелов" Русе Регионална библиотека "Любен Каравелов" Русе Читалня 2001-01-01 Читалня 2.38 623719 Ч 519.68/B 66 120000623719 1 1.22 Дата инв: 15.03.2017 Бележки инв: Ч2017 Книги
  Не е изгубен Universal Decimal Classification Не е повреден без рестрикции ползва се в читалня 21839 Регионална библиотека "Любен Каравелов" Русе Регионална библиотека "Любен Каравелов" Русе Хранилище 1996-01-01 Хранилище 2.39 626890 Цб 189180 120000626890 2 1.22 Вид: Сф Дата: 01.01.1996 Книги
Vip Innovations Ltd, Rousse, Bulgaria 2025